Industrial social systems
Enregistré dans:
| Auteur principal: | |
|---|---|
| Format: | Livre |
| Langue: | Undetermined |
| Publié: |
Walton Hall
The Open University Press
1977
|
| Sujets: | |
| Tags: |
Ajouter un tag
Pas de tags, Soyez le premier à ajouter un tag!
|
| Thư viện lưu trữ: | Trung tâm Học liệu Trường Đại học Cần Thơ |
|---|
| LEADER | 00535nam a2200169Ia 4500 | ||
|---|---|---|---|
| 001 | CTU_78122 | ||
| 008 | 210402s9999 xx 000 0 und d | ||
| 082 | |a 301.55 | ||
| 082 | |b E46 | ||
| 100 | |a Elliott, Dave | ||
| 245 | 0 | |a Industrial social systems | |
| 245 | 0 | |c Prepared for the Systems Behaviour Course Team by Dave Elliott, John Beishon | |
| 260 | |a Walton Hall | ||
| 260 | |b The Open University Press | ||
| 260 | |c 1977 | ||
| 650 | |a Industrial sociology,Social systems | ||
| 980 | |a Trung tâm Học liệu Trường Đại học Cần Thơ | ||